[Event "ITA-ch U14 maschile"]
[Site "Merano"]
[Date "2008.07.08"]
[Round "4"]
[White "Turazza, Andrea"]
[Black "Testa, Adriano"]
[Result "0-1"]
[WhiteElo "1626"]
[BlackElo "2080"]
[PlyCount "26"]
[EventDate "2008.07.??"]

1. d4 d5 2. Nf3 Nf6 3. e3 e6 4. Bd3 c5 5. c3 Nc6 6. Nbd2 Be7 7. O-O O-O 8. Ne5
Nd7 9. Qh5 g6 10. Nxg6 fxg6 11. Bxg6 Nf6 12. Bxh7+ Nxh7 13. Nf3 Qe8 0-1

[Event "ITA-ch U14 maschile"]
[Site "Merano"]
[Date "2008.07.09"]
[Round "5"]
[White "Altini, Nicola"]
[Black "Salvioli, Alessandro"]
[Result "1-0"]
[WhiteElo "2007"]
[BlackElo "1849"]
[PlyCount "47"]
[EventDate "2008.07.??"]

1. e4 c5 2. Nf3 e6 3. d3 Nc6 4. g3 g6 5. Bg2 Bg7 6. c3 Nge7 7. Nbd2 Rb8 8. a4
d6 9. O-O O-O 10. Nh4 a6 11. f4 d5 12. e5 b5 13. axb5 axb5 14. Nhf3 Nf5 15. Nb3
c4 16. dxc4 bxc4 17. Nbd4 Nfe7 18. g4 f6 19. exf6 Bxf6 20. Re1 Qd6 21. Re2 e5
22. Nxc6 Nxc6 23. fxe5 Nxe5 24. Nxe5 1-0

[Event "ITA-ch U14 maschile"]
[Site "Merano"]
[Date "2008.07.09"]
[Round "5"]
[White "Fagnani, Alessandro"]
[Black "De Filomeno, Simone"]
[Result "0-1"]
[WhiteElo "1848"]
[BlackElo "2102"]
[PlyCount "52"]
[EventDate "2008.07.??"]

1. e4 c5 2. Nf3 Nc6 3. Nc3 g6 4. Bc4 Bg7 5. d3 d6 6. O-O Nf6 7. h3 O-O 8. Bf4
e5 9. Bg5 h6 10. Bxf6 Bxf6 11. Qd2 Bg7 12. Rfe1 Kh7 13. Nh2 h5 14. Nd5 Bh6 15.
Qd1 Nd4 16. c3 Ne6 17. Qf3 f5 18. Qe2 Rb8 19. exf5 Rxf5 20. d4 exd4 21. Nb6
axb6 22. Bxe6 Re5 23. Qd3 Bxe6 24. Nf3 Rxe1+ 25. Rxe1 Bf5 26. Qc4 d5 0-1

[Event "ITA-ch U14 maschile"]
[Site "Merano"]
[Date "2008.07.09"]
[Round "5"]
[White "Melone, Antonio"]
[Black "Spornberger, Maximilian"]
[Result "0-1"]
[WhiteElo "1718"]
[BlackElo "2020"]
[PlyCount "146"]
[EventDate "2008.07.??"]

1. d4 g6 2. c4 Bg7 3. Nc3 Nf6 4. e4 d6 5. f3 O-O 6. Be3 Nc6 7. Nge2 a6 8. Qd2
Rb8 9. g4 b5 10. Ng3 bxc4 11. Bxc4 e5 12. d5 Nd4 13. Bxd4 exd4 14. Nce2 Nd7 15.
Nxd4 Qf6 16. O-O-O Nc5 17. h4 Qe5 18. Nge2 Bd7 19. h5 g5 20. h6 Bf6 21. Rhg1
Rb6 22. Rg2 Rfb8 23. b3 Ra8 24. Kc2 Nxe4 25. Qe3 Nc5 26. Qxe5 dxe5 27. Nf5
Bxf5+ 28. gxf5 Kh8 29. Nc3 Be7 30. d6 Rxd6 31. Rxd6 cxd6 32. Nd5 Bd8 33. f6 Ne6
34. Kd3 Bxf6 35. Ke4 Bd8 36. Ne3 Rc8 37. Rd2 Rc6 38. Nf5 Bc7 39. Ne7 Rb6 40.
Nd5 Rc6 41. Ne7 Ba5 42. Nxc6 Bxd2 43. Kd5 Bf4 44. Be2 Nc7+ 45. Kxd6 e4+ 46. Kc5
exf3 47. Bxf3 f5 48. Ne7 g4 49. Bg2 Be3+ 50. Kc4 f4 51. Kd3 Bc5 52. Nf5 f3 53.
Bh1 Ne6 54. Ke4 Ng5+ 55. Kf4 Nh3+ 56. Kxg4 Nf2+ 57. Kxf3 Nxh1 58. Ke2 Nf2 59.
Kd2 Ng4 60. Kc3 Bf8 61. b4 Nxh6 62. Ng3 Ng4 63. a4 Nf6 64. Kc4 Nd5 65. Kxd5
Bxb4 66. Ke4 a5 67. Kf5 Kg7 68. Kg4 Kg6 69. Kh4 Be1 70. Kg4 Bxg3 71. Kxg3 Kf5
72. Kf3 Ke5 73. Kg4 Kd4 0-1

[Event "ITA-ch U14 maschile"]
[Site "Merano"]
[Date "2008.07.09"]
[Round "5"]
[White "Paltrinieri, Nicholas"]
[Black "Marsili, Riccardo"]
[Result "1/2-1/2"]
[WhiteElo "1910"]
[BlackElo "1817"]
[PlyCount "98"]
[EventDate "2008.07.??"]

1. d4 Nf6 2. Nf3 d5 3. e3 Bg4 4. c4 e6 5. h3 Bf5 6. Bd3 Bxd3 7. Qxd3 Bb4+ 8.
Bd2 Bxd2+ 9. Nbxd2 O-O 10. O-O c6 11. Rfe1 Nbd7 12. e4 dxe4 13. Nxe4 Nxe4 14.
Qxe4 Nf6 15. Qe3 Qd6 16. Rad1 Rad8 17. Ne5 Rfe8 18. Rd2 Qc7 19. Red1 Nd7 20. f4
f6 21. Nf3 Nb6 22. b3 Kf7 23. g3 Rd7 24. Re1 Rde7 25. Kg2 Rd8 26. Rde2 Rde8 27.
Qe4 g6 28. g4 Nd7 29. g5 f5 30. Qe3 b6 31. Kg3 a6 32. h4 Kg7 33. h5 Nf8 34. Rh1
Kg8 35. Reh2 gxh5 36. Rxh5 Ng6 37. Ne5 Nxe5 38. fxe5 Rg7 39. Kf2 Qf7 40. Qf4
Re7 41. Rh6 Rg6 42. Ke3 Kf8 43. Rxg6 Qxg6 44. Rh6 Qg7 45. Qh4 Ke8 46. Kf4 Kd7
47. b4 Kc7 48. a4 Rd7 49. Qf2 Qe7 1/2-1/2

[Event "ITA-ch U14 maschile"]
[Site "Merano"]
[Date "2008.07.10"]
[Round "6"]
[White "Castello, Luciano"]
[Black "Paltrinieri, Nicholas"]
[Result "0-1"]
[WhiteElo "1530"]
[BlackElo "1910"]
[PlyCount "82"]
[EventDate "2008.07.??"]

1. Nf3 f5 2. d3 d6 3. e4 e5 4. Nc3 Nf6 5. exf5 Bxf5 6. d4 e4 7. Nh4 Bg4 8. Be2
Bxe2 9. Qxe2 d5 10. Bg5 Bb4 11. Qb5+ Nc6 12. Qxb7 Nxd4 13. O-O-O Rb8 14. Bxf6
gxf6 15. Qxa7 Bxc3 16. bxc3 Nb5 17. Qc5 f5 18. Rxd5 Qg5+ 19. Rd2 Qxh4 20. a4
Nd6 21. Qc6+ Kd8 22. Rxd6+ Kc8 23. a5 Qg5+ 24. Rd2 Qe7 25. a6 f4 26. Rd7 Qxd7
27. Qxe4 Rd8 28. Qxf4 Ra8 29. Qc4 Qd2+ 30. Kb2 Qxf2 31. Qe6+ Kb8 32. Rb1 Ka7
33. Ka1 Rab8 34. Rb7+ Rxb7 35. axb7 Rd1+ 36. Kb2 Qb6+ 37. Qxb6+ cxb6 38. g4 Rh1
39. Kb3 Rxh2 40. Kc4 Rh4 41. Kd5 Kxb7 0-1

[Event "ITA-ch U14 maschile"]
[Site "Merano"]
[Date "2008.07.10"]
[Round "6"]
[White "Davi, Alessandro"]
[Black "Di Trappani, Davide"]
[Result "1-0"]
[WhiteElo "2009"]
[BlackElo "1748"]
[PlyCount "139"]
[EventDate "2008.07.??"]

1. d4 d5 2. c4 e6 3. Nc3 Nf6 4. Nf3 Be7 5. Bg5 Nbd7 6. e3 O-O 7. Qc2 b6 8. cxd5
exd5 9. Be2 Bb7 10. O-O c5 11. Rfd1 Re8 12. Bb5 a6 13. Bxd7 Qxd7 14. Qb3 Qc6
15. Ne5 Qc7 16. Na4 b5 17. Nc3 c4 18. Qc2 h6 19. Bh4 Rad8 20. Ne2 Bc8 21. Rac1
Bd6 22. f4 Be7 23. h3 Ne4 24. Bxe7 Rxe7 25. Nc3 Bf5 26. Nxe4 Bxe4 27. Qf2 f6
28. Nf3 Rde8 29. Re1 Qd6 30. a3 Qe6 31. g4 Bxf3 32. Qxf3 Qe4 33. Kf2 Qxf3+ 34.
Kxf3 Kf7 35. b3 cxb3 36. Rb1 Re4 37. Re2 Rc8 38. Rxb3 Rc4 39. Ra2 Re7 40. a4 b4
41. a5 Rb7 42. Rab2 Ke6 43. Ke2 g6 44. Kd3 f5 45. gxf5+ gxf5 46. Rg2 Kf7 47. h4
Rb5 48. Ra2 Kg6 49. Rb1 Kh5 50. Ke2 b3 51. Rab2 Rc2+ 52. Kf3 Rxa5 53. Rxb3 Raa2
54. Rg1 Rf2+ 55. Kg3 Rh2 56. Rb6 Rxh4 57. Rxh6+ Kxh6 58. Kxh4 Re2 59. Ra1 Rxe3
60. Rxa6+ Kg7 61. Kg5 Re4 62. Ra4 Re7 63. Ra5 Rd7 64. Kxf5 Rf7+ 65. Ke5 Kg6 66.
Ra6+ Kg7 67. f5 Rd7 68. Rd6 Rf7 69. f6+ Kg6 70. Kxd5 1-0

[Event "ITA-ch U14 maschile"]
[Site "Merano"]
[Date "2008.07.10"]
[Round "6"]
[White "De Filomeno, Simone"]
[Black "Cinque, Antonio"]
[Result "1-0"]
[WhiteElo "2102"]
[BlackElo "1867"]
[PlyCount "57"]
[EventDate "2008.07.??"]

1. e4 e6 2. Qe2 c5 3. Nf3 Nc6 4. c3 d5 5. d3 Nf6 6. g3 Be7 7. Bg2 O-O 8. O-O a6
9. a4 Bd7 10. h4 b5 11. axb5 axb5 12. Rxa8 Qxa8 13. e5 Ne8 14. Bf4 Nc7 15. Ng5
Bxg5 16. hxg5 Qb7 17. Qh5 Rb8 18. Bf3 Qc8 19. Kg2 g6 20. Qh6 Qf8 21. Rh1 Qg7
22. Na3 b4 23. Nc2 bxc3 24. bxc3 Rb3 25. Ne3 Rxc3 26. Ng4 Ne8 27. Nf6+ Nxf6 28.
exf6 Qh8 29. Ra1 1-0

[Event "ITA-ch U14 maschile"]
[Site "Merano"]
[Date "2008.07.10"]
[Round "6"]
[White "Spornberger, Maximilian"]
[Black "Lombardo, Michele"]
[Result "1-0"]
[WhiteElo "2020"]
[BlackElo "2009"]
[PlyCount "47"]
[EventDate "2008.07.??"]

1. Nf3 Nf6 2. g3 g6 3. Bg2 Bg7 4. O-O O-O 5. d3 d6 6. e4 c5 7. Nc3 Nc6 8. h3
Rb8 9. a4 a6 10. Be3 b5 11. axb5 axb5 12. Qd2 Bd7 13. Bh6 c4 14. Bxg7 Kxg7 15.
Ne1 cxd3 16. Nxd3 Be6 17. f4 Nd7 18. Kh2 Nb6 19. Nxb5 Kg8 20. b3 d5 21. f5 Bc8
22. Qh6 dxe4 23. Bxe4 Bxf5 24. Bxf5 1-0

[Event "ITA-ch U14 maschile"]
[Site "Merano"]
[Date "2008.07.10"]
[Round "7"]
[White "Altini, Nicola"]
[Black "Davi, Alessandro"]
[Result "1/2-1/2"]
[WhiteElo "2007"]
[BlackElo "2009"]
[PlyCount "61"]
[EventDate "2008.07.??"]

1. e4 c6 2. d3 d5 3. Nd2 g6 4. g3 Bg7 5. Bg2 e5 6. Ngf3 Ne7 7. O-O O-O 8. Re1
d4 9. Nc4 Qc7 10. a4 c5 11. Nfd2 Nbc6 12. Nb3 b6 13. f4 Be6 14. Nxe5 Nxe5 15.
fxe5 Nc6 16. Bf4 Bxe5 17. Bh6 Bg7 18. Bxg7 Kxg7 19. Nd2 Ne5 20. b3 a6 21. Nc4
b5 22. Nxe5 Qxe5 23. Qf3 c4 24. bxc4 bxc4 25. Qf4 Qc5 26. e5 Rad8 27. h4 f6 28.
Rab1 Rd7 29. h5 cxd3 30. cxd3 fxe5 31. Qxe5+ 1/2-1/2

[Event "ITA-ch U14 maschile"]
[Site "Merano"]
[Date "2008.07.10"]
[Round "7"]
[White "Cinque, Antonio"]
[Black "Palazzotto, Roberto"]
[Result "1-0"]
[WhiteElo "1867"]
[BlackElo "1740"]
[PlyCount "155"]
[EventDate "2008.07.??"]

1. e4 c5 2. Nc3 Nc6 3. f4 g6 4. Nf3 Bg7 5. Bc4 e6 6. O-O Nge7 7. d3 O-O 8. Qe1
Kh8 9. f5 exf5 10. Qh4 Qe8 11. Ng5 h6 12. Nh3 Kh7 13. Nb5 Qd8 14. Nd6 Ne5 15.
exf5 Nxf5 16. Nxf5 gxf5 17. Qf4 d5 18. Bb3 Be6 19. a4 Qb6 20. a5 Qb5 21. Qh4 c4
22. Ba4 Qxa5 23. Ng5+ Kg8 24. Nxe6 fxe6 25. Bxh6 b5 26. Bxg7 Kxg7 27. Qe7+ Nf7
28. Qxe6 bxa4 29. Qxf5 cxd3 30. Qf6+ Kg8 31. Qg6+ Kh8 32. Rxf7 Rxf7 33. Qxf7
dxc2 34. Qf6+ Kh7 35. Qf5+ Kg8 36. Qxc2 Rf8 37. h3 Qa6 38. Qd2 Qb6+ 39. Kh1 Rf2
40. Qxd5+ Kh8 41. Re1 Rf8 42. Qe5+ Kg8 43. Re3 Qf6 44. Rg3+ Kh7 45. Qh5+ Qh6
46. Qxh6+ Kxh6 47. Rg4 Rf1+ 48. Kh2 Ra1 49. Kg3 a3 50. bxa3 Rxa3+ 51. Kf2 a5
52. Rc4 Ra1 53. Kg3 a4 54. Kh4 a3 55. Ra4 Kg6 56. Kg4 Kf6 57. h4 Kg7 58. Kg5
Kf8 59. Ra7 Kg8 60. h5 Ra2 61. g4 Ra1 62. Kg6 Rf1 63. Rxa3 Rf8 64. Ra5 Kh8 65.
g5 Rg8+ 66. Kh6 Rf8 67. Ra6 Rg8 68. g6 Re8 69. Rf6 Rg8 70. Kg5 Rd8 71. h6 Rg8
72. g7+ Kh7 73. Rf8 Rxf8 74. gxf8=B Kh8 75. Bg7+ Kg8 76. Ba1 Kh7 77. Kh5 Kg8
78. Kg6 1-0

[Event "ITA-ch U14 maschile"]
[Site "Merano"]
[Date "2008.07.10"]
[Round "7"]
[White "Santeramo, Domenico"]
[Black "Cantoro, Daniele"]
[Result "1/2-1/2"]
[WhiteElo "1440"]
[BlackElo "1907"]
[PlyCount "47"]
[EventDate "2008.07.??"]

1. e4 c5 2. c3 d5 3. exd5 Qxd5 4. Nf3 Nc6 5. Be2 e5 6. d3 Nf6 7. c4 Qd8 8. Nc3
a6 9. a3 Be7 10. O-O O-O 11. b3 h6 12. Bb2 Qc7 13. Re1 Nd4 14. Bf1 Bg4 15. Be2
Bf5 16. h3 Bd6 17. Bf1 Rfe8 18. Ne4 Nxe4 19. dxe4 Bh7 20. Nxd4 exd4 21. Bd3
Rab8 22. Qc2 Be5 23. b4 b6 24. Kh1 1/2-1/2

[Event "ITA-ch U14 maschile"]
[Site "Merano"]
[Date "2008.07.11"]
[Round "8"]
[White "Cantoro, Daniele"]
[Black "Altini, Nicola"]
[Result "1/2-1/2"]
[WhiteElo "1907"]
[BlackElo "2007"]
[PlyCount "72"]
[EventDate "2008.07.??"]

1. e4 e5 2. Nf3 Nc6 3. d4 exd4 4. Nxd4 Nf6 5. Nxc6 bxc6 6. e5 Nd5 7. h4 h6 8.
c4 Nb6 9. b3 Bb4+ 10. Bd2 Bxd2+ 11. Nxd2 Qe7 12. Qe2 O-O 13. f4 f6 14. Nf3 d6
15. exd6 Qxd6 16. Qd2 Qxd2+ 17. Kxd2 Rd8+ 18. Kc3 Bg4 19. Bd3 c5 20. Be4 Bxf3
21. Bxf3 Rab8 22. Rad1 Re8 23. Rhe1 Kf8 24. Bh5 Re7 25. a3 a5 26. a4 Rxe1 27.
Rxe1 Nd7 28. Bg6 Rd8 29. Rd1 Ke7 30. Bf5 Nb6 31. Rxd8 Kxd8 32. Kd3 Ke7 33. g4
Kf7 34. h5 Ke7 35. Ke4 Kd6 36. Bh7 Nc8 1/2-1/2

[Event "ITA-ch U14 maschile"]
[Site "Merano"]
[Date "2008.07.11"]
[Round "8"]
[White "Cinque, Antonio"]
[Black "Be Bortoli, Thomas"]
[Result "1-0"]
[WhiteElo "1867"]
[BlackElo "1805"]
[PlyCount "99"]
[EventDate "2008.07.??"]

1. e4 c5 2. Nf3 d6 3. d4 cxd4 4. Nxd4 Nf6 5. Nc3 g6 6. Be3 Bg7 7. f3 O-O 8. Qd2
Nc6 9. O-O-O Bd7 10. h4 a6 11. h5 b5 12. Bh6 Nxd4 13. Bxg7 Kxg7 14. Qxd4 Kg8
15. Nd5 Nxd5 16. exd5 Rb8 17. Qh4 g5 18. Qxg5+ Kh8 19. g4 f5 20. gxf5 Rxf5 21.
Qg3 Qa5 22. Rg1 Rf7 23. Kb1 b4 24. Bd3 Bb5 25. Be4 Bd7 26. Rg2 Qd8 27. Rdg1 Qf8
28. Qh4 Bf5 29. b3 Bxe4 30. Qxe4 a5 31. Qe6 Rxf3 32. Qe2 Qf6 33. h6 Rf5 34. Rg7
Re5 35. Qg2 Qf8 36. Rf1 Rf5 37. Rxh7+ Kxh7 38. Rxf5 Qxh6 39. Rf1 Qg7 40. Qh1+
Qh6 41. Qe4+ Kg8 42. Qxe7 Rf8 43. Rxf8+ Qxf8 44. Qxf8+ Kxf8 45. Kc1 Ke7 46. Kd2
Kd7 47. Kd3 Ke7 48. Ke4 Kd7 49. Kf5 Ke7 50. Kg6 1-0

[Event "ITA-ch U14 maschile"]
[Site "Merano"]
[Date "2008.07.11"]
[Round "8"]
[White "Davi, Alessandro"]
[Black "Spornberger, Maximilian"]
[Result "1-0"]
[WhiteElo "2009"]
[BlackElo "2020"]
[PlyCount "89"]
[EventDate "2008.07.??"]

1. d4 g6 2. c4 Bg7 3. Nc3 Nf6 4. e4 d6 5. Nf3 O-O 6. Be2 e5 7. O-O Nbd7 8. d5
Nc5 9. Nd2 a5 10. f3 Nh5 11. Rb1 f5 12. Nb3 Nxb3 13. Qxb3 f4 14. c5 dxc5 15.
d6+ Kh8 16. dxc7 Qxc7 17. Nd5 Qf7 18. Qb6 Be6 19. Bc4 Rfc8 20. b3 Nf6 21. Rd1
Nxd5 22. Bxd5 Bxd5 23. Rxd5 Rc6 24. Qb5 Qc7 25. Bb2 Rd8 26. Rbd1 Rxd5 27. exd5
Qd7 28. dxc6 Qxd1+ 29. Kf2 Qd2+ 30. Qe2 Qxe2+ 31. Kxe2 bxc6 32. Bc3 Kg8 33.
Bxa5 Kf7 34. Kd3 Ke6 35. Ke4 Kd6 36. Bb6 c4 37. bxc4 c5 38. a4 Kc6 39. Bd8 Kd7
40. Ba5 Kc6 41. Bc3 Kb6 42. Bxe5 Bf8 43. Bxf4 Ka5 44. Kd5 Kxa4 45. Bd6 1-0

[Event "ITA-ch U14 maschile"]
[Site "Merano"]
[Date "2008.07.11"]
[Round "8"]
[White "Salvioli, Alessandro"]
[Black "Paltrinieri, Nicholas"]
[Result "0-1"]
[WhiteElo "1849"]
[BlackElo "1910"]
[PlyCount "94"]
[EventDate "2008.07.??"]

1. e4 d5 2. exd5 Qxd5 3. Nc3 Qd6 4. d4 Nf6 5. g3 Bg4 6. f3 Bf5 7. Bf4 Qd7 8.
Bb5 c6 9. Bc4 e6 10. Nge2 Bd6 11. Qd2 h5 12. h3 Qc7 13. a3 Nbd7 14. O-O-O O-O-O
15. Bxd6 Qxd6 16. Qe3 Kb8 17. Ne4 Qc7 18. N2c3 Nb6 19. Bb3 Nfd5 20. Qf2 Bg6 21.
Qe1 h4 22. Rg1 hxg3 23. Rxg3 Qf4+ 24. Kb1 Ne3 25. Rd3 Nf5 26. Rg4 Qc7 27. Qg1
Nd5 28. Nf2 Nh6 29. Rxg6 fxg6 30. Bxd5 exd5 31. Qxg6 Rd6 32. Qg5 Re8 33. Ng4
Qe7 34. Qf4 Rf8 35. Qg3 Nf5 36. Qh2 a6 37. Ne5 Ka7 38. Ne2 Re6 39. Qg1 Rh6 40.
Nf4 Qd6 41. Nfg6 Rf6 42. Qg4 Ne7 43. Nh4 Rh7 44. Rc3 Rfh6 45. Nf7 Qf6 46. Nxh6
Rxh6 47. Ng2 Rg6 0-1

[Event "ITA-ch U14 maschile"]
[Site "Merano"]
[Date "2008.07.12"]
[Round "9"]
[White "Altini, Nicola"]
[Black "Sorbera, Giovanni"]
[Result "1-0"]
[WhiteElo "2007"]
[BlackElo "1707"]
[PlyCount "57"]
[EventDate "2008.07.??"]

1. e4 d6 2. d4 Nf6 3. f3 c6 4. Be3 Nbd7 5. Nc3 Qb6 6. Rb1 d5 7. exd5 Nxd5 8.
Nxd5 cxd5 9. Qd2 Nf6 10. Bd3 e6 11. Ne2 Bd6 12. O-O h5 13. Rfc1 Bd7 14. c4 Qd8
15. Bf4 Qb8 16. c5 Bxf4 17. Qxf4 Qxf4 18. Nxf4 g5 19. Ne2 Ke7 20. b4 g4 21. b5
b6 22. a4 h4 23. c6 gxf3 24. gxf3 Rag8+ 25. Kh1 Bc8 26. a5 Nh5 27. axb6 axb6
28. Ra1 f5 29. Rg1 {resto illegibile} 1-0

[Event "ITA-ch U14 maschile"]
[Site "Merano"]
[Date "2008.07.12"]
[Round "9"]
[White "Spornberger, Maximilian"]
[Black "Marsili, Riccardo"]
[Result "1-0"]
[WhiteElo "2020"]
[BlackElo "1817"]
[PlyCount "59"]
[EventDate "2008.07.??"]

1. d4 Nf6 2. Bf4 g6 3. e3 Bg7 4. Nf3 d6 5. Be2 O-O 6. h3 c5 7. O-O Nc6 8. c3
cxd4 9. exd4 Nd5 10. Bh2 Re8 11. Nbd2 e5 12. dxe5 dxe5 13. Ne4 Bf5 14. Nc5 b6
15. Bb5 Qd6 16. Qa4 Rec8 17. Ne4 Bxe4 18. Qxe4 Nde7 19. Rad1 Qc5 20. Bxc6 Qxc6
21. Qb4 Nd5 22. Qb3 Nf4 23. Bxf4 exf4 24. Qb4 Qf6 25. Rd6 Qf5 26. Qb3 Re8 27.
Rfd1 h6 28. Nh4 Qc5 29. Rd7 Re7 30. Nxg6 1-0

[Event "ITA-ch U14 maschile"]
[Site "Merano"]
[Date "2008.07.12"]
[Round "9"]
[White "Testa, Adriano"]
[Black "Cantoro, Daniele"]
[Result "1-0"]
[WhiteElo "2080"]
[BlackElo "1907"]
[PlyCount "70"]
[EventDate "2008.07.??"]

1. e4 c5 2. Nf3 Nc6 3. Bb5 g6 4. Bxc6 dxc6 5. d3 Bg7 6. h3 e5 7. Be3 b6 8. Nc3
Ne7 9. Qd2 h6 10. Ng1 g5 11. Nge2 Ng6 12. f3 Nf4 13. Rh2 h5 14. O-O-O h4 15.
Kb1 Be6 16. Nc1 Qd6 17. Rhh1 Rd8 18. Rhg1 Bf6 19. N3e2 Rg8 20. c3 a6 21. Qc2
Qc7 22. Rd2 Ke7 23. a4 a5 24. d4 cxd4 25. cxd4 Nxe2 26. Nxe2 exd4 27. Bxd4 Bxd4
28. Nxd4 c5 29. Rgd1 Qc8 30. Nb5 Rxd2 31. Qxd2 Qd7 32. Qe2 Qc6 33. Rd6 Qxd6 34.
Nxd6 Kxd6 35. e5+ Kd5 1-0

[Event "ITA-ch U12 maschile"]
[Site "Merano"]
[Date "2008.07.06"]
[Round "1"]
[White "Tortoroglio, Lorenzo"]
[Black "Codenotti, Marco"]
[Result "0-1"]
[WhiteElo "1440"]
[BlackElo "2055"]
[PlyCount "72"]
[EventDate "2008.07.??"]

1. e4 c5 2. d4 cxd4 3. Qxd4 Nc6 4. Qd1 g6 5. Nf3 Bg7 6. Bc4 d6 7. O-O Nf6 8.
Be3 O-O 9. Nbd2 Ng4 10. Qe2 Nxe3 11. Qxe3 Bxb2 12. Rab1 Bg7 13. h3 Qc7 14. Bd3
Be6 15. a3 b6 16. Ba6 Na5 17. Rfc1 Ba2 18. Rb4 Bc3 19. Ra4 Bb2 20. Rf1 Qc6 21.
Rxa5 bxa5 22. Nd4 Qxa6 23. Rd1 Rac8 24. c4 Bxc4 25. Rb1 Bxd4 26. Qxd4 Be6 27.
Rb2 Qc6 28. Qxa7 Qc1+ 29. Kh2 Qxb2 30. Qxa5 Rc2 31. Nf3 Rxf2 32. Qg5 Rxf3 33.
a4 Bxh3 34. a5 Bxg2 35. a6 Rh3+ 36. Kg1 Rh1# 0-1

[Event "ITA-ch U12 maschile"]
[Site "Merano"]
[Date "2008.07.07"]
[Round "2"]
[White "Codenotti, Marco"]
[Black "Resch, Aaron"]
[Result "1-0"]
[WhiteElo "2055"]
[BlackElo "1440"]
[PlyCount "35"]
[EventDate "2008.07.??"]

1. e4 e5 2. Nf3 Nc6 3. d4 exd4 4. Bc4 Bc5 5. c3 dxc3 6. Bxf7+ Kxf7 7. Qd5+ Ke8
8. Qxc5 cxb2 9. Bxb2 d6 10. Qh5+ g6 11. Qb5 Nf6 12. Nc3 a6 13. Qb3 Bg4 14. Nd5
Be6 15. Nxf6+ Kf7 16. Ng5+ Ke7 17. Qxe6+ Kf8 18. Qf7# 1-0

[Event "ITA-ch U12 maschile"]
[Site "Merano"]
[Date "2008.07.08"]
[Round "4"]
[White "Codenotti, Marco"]
[Black "Formento, Paolo"]
[Result "1-0"]
[WhiteElo "2055"]
[BlackElo "1593"]
[PlyCount "85"]
[EventDate "2008.07.??"]

1. e4 c5 2. Nc3 e6 3. f4 d5 4. exd5 exd5 5. Bb5+ Nc6 6. Nf3 f6 7. O-O a6 8.
Re1+ Be7 9. Bxc6+ bxc6 10. Nh4 g6 11. f5 Kf7 12. Rf1 Bd6 13. Qf3 Bd7 14. Nxd5
Bxh2+ 15. Kxh2 cxd5 16. Qxd5+ Kg7 17. d3 g5 18. Nf3 Qc7+ 19. Kg1 Ne7 20. Qe4
Nxf5 21. Nxg5 fxg5 22. Rxf5 Bxf5 23. Qxf5 h6 24. b3 Qf7 25. Bb2+ Kg8 26. Qe5
Rh7 27. Rf1 Qe8 28. Qd5+ Rf7 29. Rxf7 Qxf7 30. Qxa8+ Kh7 31. Qxa6 Qe7 32. Qf6
Qe1+ 33. Qf1 Qe3+ 34. Qf2 Qe7 35. Qf5+ Kg8 36. Qg6+ Kf8 37. Qxh6+ Kg8 38. Qh8+
Kf7 39. Qg7+ Ke6 40. Qxe7+ Kxe7 41. a4 Kd6 42. a5 Kc6 43. Bc1 1-0

[Event "ITA-ch U12 maschile"]
[Site "Merano"]
[Date "2008.07.09"]
[Round "5"]
[White "Boscolo, Federico"]
[Black "Codenotti, Marco"]
[Result "1/2-1/2"]
[WhiteElo "1950"]
[BlackElo "2055"]
[PlyCount "49"]
[EventDate "2008.07.??"]

1. f4 Nf6 2. Nf3 g6 3. e3 Bg7 4. Be2 O-O 5. d3 d6 6. O-O c5 7. c3 Nc6 8. Qe1
Rb8 9. a4 a6 10. Qh4 b5 11. axb5 axb5 12. e4 Na5 13. Be3 c4 14. Nbd2 cxd3 15.
Bxd3 Nc4 16. Bxc4 bxc4 17. Ra2 d5 18. e5 Nd7 19. Nd4 Rb6 20. N2f3 e6 21. Qh3
Qe7 22. Qh4 Qxh4 23. Nxh4 Nc5 24. Ndf3 Ra6 25. Rxa6 1/2-1/2

[Event "ITA-ch U12 maschile"]
[Site "Merano"]
[Date "2008.07.10"]
[Round "6"]
[White "Codenotti, Marco"]
[Black "Zito, Riccardo"]
[Result "1-0"]
[WhiteElo "2055"]
[BlackElo "1473"]
[PlyCount "87"]
[EventDate "2008.07.??"]

1. e4 Nf6 2. e5 Nd5 3. d4 d6 4. c4 Nb6 5. exd6 exd6 6. Nc3 Be7 7. Bd3 O-O 8.
Nge2 N8d7 9. Qc2 h6 10. Be3 Nf6 11. f3 d5 12. c5 Nbd7 13. O-O-O Re8 14. g4 Kf8
15. h4 Ng8 16. Bf2 b6 17. Nxd5 Bb7 18. c6 Bxc6 19. Qxc6 a5 20. Kb1 Bd6 21. Bg3
Bxg3 22. Nxg3 Ne7 23. Nxe7 Rxe7 24. Rc1 Ra7 25. Nf5 Re6 26. Qc3 a4 27. d5 Rg6
28. Nd4 a3 29. b3 Qa8 30. Bxg6 fxg6 31. Ne6+ Ke8 32. Nxc7+ Rxc7 33. Rhe1+ Kf8
34. Qxc7 Nf6 35. Qe7+ Kg8 36. Rc7 Qf8 37. Qxf8+ Kxf8 38. d6 g5 39. d7 Nxd7 40.
Rxd7 gxh4 41. Rc1 Kg8 42. Rcc7 h3 43. Rxg7+ Kh8 44. Rgd7 1-0

[Event "ITA-ch U12 maschile"]
[Site "Merano"]
[Date "2008.07.10"]
[Round "6"]
[White "Stella, Luca"]
[Black "Viviani, Alessio"]
[Result "1-0"]
[WhiteElo "1894"]
[BlackElo "1515"]
[PlyCount "41"]
[EventDate "2008.07.??"]

1. e4 d6 2. d4 Nf6 3. Nc3 g6 4. Bg5 Bg7 5. Qd2 O-O 6. f4 c6 7. Nf3 Re8 8. O-O-O
b5 9. e5 dxe5 10. fxe5 Nd5 11. Ne4 b4 12. Bh6 Qa5 13. Bc4 Bf5 14. Ng3 Nc3 15.
Nxf5 Ne4 16. Qf4 gxf5 17. Bxg7 Kxg7 18. Qxf5 Nd6 19. Qg4+ Kh8 20. exd6 e6 21.
Ng5 1-0

[Event "ITA-ch U12 maschile"]
[Site "Merano"]
[Date "2008.07.10"]
[Round "7"]
[White "Stella, Luca"]
[Black "Codenotti, Marco"]
[Result "0-1"]
[WhiteElo "1894"]
[BlackElo "2055"]
[PlyCount "94"]
[EventDate "2008.07.??"]

1. e4 d6 2. d4 Nf6 3. Nc3 g6 4. Bg5 Bg7 5. Qd2 O-O 6. Bh6 Bxh6 7. Qxh6 c5 8.
Nf3 cxd4 9. Nxd4 Qb6 10. O-O-O Nc6 11. Qd2 Ng4 12. f3 Qxd4 13. Qxd4 Nxd4 14.
Rxd4 Ne5 15. Nd5 Nc6 16. Rd2 Be6 17. Bb5 Bxd5 18. exd5 a6 19. Ba4 b5 20. Bb3
Na5 21. Re1 Rfe8 22. Rde2 Kf8 23. Kd2 Rac8 24. Kd3 Nb7 25. c3 Nc5+ 26. Kd4 a5
27. f4 a4 28. Bc2 a3 29. Bd3 Nxd3 30. Kxd3 axb2 31. Rxb2 Rc5 32. Re4 Rxd5+ 33.
Rd4 Rc5 34. Rdb4 Ra8 35. Kc2 e6 36. R4b3 d5 37. Kd3 Ke7 38. g3 Ra5 39. Rb4 Kd6
40. h3 f6 41. g4 Ra3 42. R4b3 Ra5 43. Rb4 e5 44. fxe5+ fxe5 45. h4 e4+ 46. Kd4
Ra3 47. Rc2 Ra4 0-1

[Event "ITA-ch U12 maschile"]
[Site "Merano"]
[Date "2008.07.11"]
[Round "8"]
[White "Codenotti, Marco"]
[Black "Gattafoni, Alessio"]
[Result "1-0"]
[WhiteElo "2055"]
[BlackElo "1539"]
[PlyCount "83"]
[EventDate "2008.07.??"]

1. e4 e6 2. d3 d5 3. Nd2 c5 4. Ngf3 Ne7 5. g3 Ng6 6. Bg2 Bd6 7. O-O O-O 8. Re1
Nc6 9. h4 dxe4 10. Nxe4 Qc7 11. h5 Nge5 12. Nxd6 Qxd6 13. Nxe5 Nxe5 14. Bf4 f6
15. h6 g6 16. Qe2 Qd4 17. Bxe5 fxe5 18. c3 Qd6 19. Qxe5 Qxe5 20. Rxe5 Rf5 21.
Rae1 Rb8 22. Rxf5 gxf5 23. g4 Kf7 24. g5 b6 25. Re3 Ba6 26. f4 Rd8 27. Bf1 b5
28. Re5 Rd5 29. Rxd5 exd5 30. d4 c4 31. Be2 Bc8 32. Bh5+ Kg8 33. g6 hxg6 34.
Bxg6 a5 35. a3 b4 36. axb4 axb4 37. cxb4 Kh8 38. b5 Bd7 39. b6 Be6 40. b7 Bg8
41. b8=Q c3 42. Bf7 1-0

[Event "ITA-ch U12 maschile"]
[Site "Merano"]
[Date "2008.07.12"]
[Round "9"]
[White "Tirelli, Mauro"]
[Black "Codenotti, Marco"]
[Result "0-1"]
[WhiteElo "1882"]
[BlackElo "2055"]
[PlyCount "52"]
[EventDate "2008.07.??"]

1. e4 c5 2. Nc3 Nc6 3. Nge2 g6 4. g3 Bg7 5. Bg2 d6 6. d3 Nf6 7. O-O O-O 8. f4
Rb8 9. h3 Ne8 10. Be3 b5 11. Qd2 b4 12. Nd1 Nc7 13. g4 Nb5 14. f5 Nbd4 15. Ng3
a5 16. Rc1 Ba6 17. h4 a4 18. Bh6 Ne5 19. Bxg7 Kxg7 20. g5 Nxc2 21. Qxc2 b3 22.
Qc3 bxa2 23. Rf3 Rb3 24. Qd2 Nxf3+ 25. Bxf3 Bxd3 26. Nc3 a3 0-1

[Event "ITA-ch U12 feminile"]
[Site "Merano"]
[Date "2008.07.06"]
[Round "1"]
[White "De Somma, Annarita"]
[Black "Zaniboni, Anna"]
[Result "0-1"]
[WhiteElo "1458"]
[BlackElo "1437"]
[PlyCount "50"]
[EventDate "2008.07.??"]

1. e4 e5 2. Nf3 Nc6 3. Nc3 Bc5 4. Bc4 Nf6 5. d3 h6 6. Nd5 O-O 7. O-O d6 8.
Nxf6+ Qxf6 9. h3 Be6 10. Bxe6 Qxe6 11. c3 d5 12. d4 exd4 13. cxd4 Bd6 14. Re1
dxe4 15. d5 Qf6 16. Rxe4 Ne7 17. Be3 Qxb2 18. Bd4 Qb5 19. Ne5 Bxe5 20. Rxe5
Nxd5 21. Rb1 Qc4 22. a3 Nc3 23. Bxc3 Qxc3 24. Re3 Qc6 25. Rc3 Qxc3 0-1